Learner-based teaching

-д хадгалсан:
Номзүйн дэлгэрэнгүй
Үндсэн зохиолчид: Campbell, Colin (Зохиогч), Kryszewska, Hanna (Зохиогч)
Формат: Ном
Хэл сонгох:англи
Хэвлэсэн: Hong Kong Oxford University Press 1992
Хэвлэл:1a. ed
Цуврал:Resource books for teachers
Нөхцлүүд:
Шошгууд: Шошго нэмэх
Шошго байхгүй, Энэхүү баримтыг шошголох эхний хүн болох!

MARC

LEADER 00000nam a2200000 a 4500
001 UCH7054
003 CL-VaPUC
008 091109e19920000CH |||||||||||||||||eng|d
020 |a 0194371638 
082 0 4 |a 425  |b CAM  |2 21 
100 0 |a Campbell, Colin  |e author  |9 543535 
700 0 |a Kryszewska, Hanna  |e author  |9 543536 
245 1 0 |a Learner-based teaching 
250 |a 1a. ed 
300 |a 126 p 
942 |c BK 
945 |d 20091109 00:00:00  |a ccalabra 
260 |a Hong Kong  |b Oxford University Press  |c 1992 
650 0 |a Gramática inglesa  |9 392981 
650 0 |a Lengua inglesa  |9 453712 
650 0 |a Lingüística  |9 265068 
650 0 |a Comprensión de lectura  |9 307588 
650 0 |a Expresión oral  |9 334815 
650 0 |a Expresión escrita  |9 334816 
650 0 |a Aprendizaje de idiomas  |9 454840 
583 |a last modification  |c 20091109 00:00:00  |k Rodrigo Vera 
490 0 |a Resource books for teachers 
999 |c 337804  |d 337802